O incrível rapaz que comia livros (Registo nº 5942)
[ vista simples ]
| 000 -Etiqueta do registo | |
|---|---|
| Valores | 00781nam a2200265 4500 |
| 010 ## - Número ISBN | |
| ISBN | 9789899556546 |
| 021 ## - Número do Depósito Legal | |
| Número | 283385/08 |
| 100 ## - Dados gerais de processamento | |
| Dados gerais | 20211231d2008 c||y0pory5003 ba |
| 200 1# - Titulo e menção de responsabilidade | |
| Título próprio | O incrível rapaz que comia livros |
| Primeira menção de responsabilidade | Oliver Jeffers |
| Outras menções de responsabilidade | trad. Rui Lopes |
| 210 ## - Publicação | |
| Local de publicação | Lisboa |
| Nome do editor | Orfeu Negro |
| Data de publicação | 2010 |
| 215 ## - Descrição física | |
| Paginação / Volumes | [32] p. |
| Outras indicações físicas | il. |
| Dimensões | 29 cm |
| 225 2# - Colecção | |
| Título próprio da colecção | Orfeu mini |
| 304 ## - Nota relativa ao título | |
| Texto de nota | T�it. orig.: The incredible book eating boy |
| 517 1# - Outras variantes do título | |
| Variante do título | The incredible book eating boy |
| 606 ## - Nome comum usado como assunto | |
| ID Autoridade | 14 |
| Palavra de ordem | Literatura infantil |
| 606 ## - Nome comum usado como assunto | |
| ID Autoridade | 13 |
| Palavra de ordem | Literatura Estrangeira |
| 675 ## - CDU | |
| Notação | 82-93 |
| Edição | BN |
| Língua | por |
| 675 ## - CDU | |
| Notação | 821.1/.8 |
| Edição | BN |
| Língua | por |
| 700 ## - Autor principal (pessoa individual) | |
| Apelido | Jeffers |
| Nome | Oliver |
| ID Autoridade | 667 |
| 702 ## - Autor secundário (pessoa individual) | |
| Apelido | Lopes |
| Nome | Rui |
| ID Autoridade | 673 |
| 801 #0 - Fonte de origem | |
| País | PT |
| Agência | BMVN |
| Regras de catalogação | RPC |
| 830 ## - Notas gerais do catalogador | |
| Criado por | Ana Caetano |
| Data de criação | 31/12/2021 |
| 990 ## - Elementos KOHA | |
| Tipo de documento | Livro |
| Situação do levantamento | Biblioteca de origem | Código de barras | Cota | Permissão de empréstimo | Tipo de documento | Forma de aquisição |
|---|---|---|---|---|---|---|
| Biblioteca Municipal de Vendas Novas | 100000033638 | LI EST/JEF | Livro |